Derecho del trabajo y de la seguridad social
Gespeichert in:
| 1. Verfasser: | |
|---|---|
| Weitere Verfasser: | |
| Format: | Buch |
| Sprache: | Spanisch |
| Veröffentlicht: |
Santiago
Jurídica de Chile
1997
|
| Ausgabe: | 15a. ed |
| Schlagworte: | |
| Tags: |
Tag hinzufügen
Keine Tags, Fügen Sie den ersten Tag hinzu!
|
MARC
| LEADER | 00000nam a2200000 a 4500 | ||
|---|---|---|---|
| 001 | UCM0119 | ||
| 003 | CL-VaPUC | ||
| 008 | 020125e19970500CL |||||||||||||||||spa|d | ||
| 082 | 0 | 4 | |a 344.01 |b HUM |2 21 |
| 100 | |a Humeres Magnan, Héctor |e autor |9 476560 | ||
| 700 | |a Humeres Noguer, Héctor |e autor |9 621050 | ||
| 245 | 1 | 0 | |a Derecho del trabajo y de la seguridad social |
| 250 | |a 15a. ed | ||
| 300 | |a 693 p | ||
| 942 | |c BK | ||
| 945 | |d 20020125 00:00:00 |a vberengu | ||
| 260 | |a Santiago |b Jurídica de Chile |c 1997 | ||
| 650 | 0 | |a Asignación familiar |9 344930 | |
| 650 | 7 | |a CONTRATO DE TRABAJO |2 CL-VaPUC |9 466795 | |
| 650 | 7 | |a LEGISLACION DEL TRABAJO |2 CL-VaPUC |9 446867 | |
| 650 | 7 | |a PENSIONES |2 CL-VaPUC |9 323807 | |
| 650 | 7 | |a PRESTACIONES FAMILIARES |2 CL-VaPUC |9 388568 | |
| 650 | 0 | |a Seguridad social |9 255322 | |
| 651 | 7 | |a CHILE |2 CL-VaPUC |9 466796 | |
| 583 | |a last modification |c 20020125 00:00:00 |k Rodrigo Vera | ||
| 999 | |c 299173 |d 299171 | ||
| 952 | |0 0 |1 0 |4 0 |6 344_010000000000000_HUM_1997 |7 0 |8 A |9 355380 |a BIBDER |b BIBDER |d 2019-11-21 |i 3789349 |o 344.01 HUM 1997 |p 3789349 |r 2023-08-17 |w 2019-11-21 |y BK |k DER | ||